Estampas del mundo románico
Salvato in:
| Autore principale: | |
|---|---|
| Natura: | Libro |
| Lingua: | spagnolo |
| Pubblicazione: |
Buenos Aires
Espasa-Calpe
1946
|
| Serie: | Colección Austral
|
| Soggetti: | |
| Tags: |
Aggiungi Tag
Nessun Tag, puoi essere il primo ad aggiungerne!!
|
MARC
| LEADER | 00000nam a2200000 a 4500 | ||
|---|---|---|---|
| 001 | UCY8324 | ||
| 003 | CL-VaPUC | ||
| 008 | 950703e19460000AG |||||||||||||||||spa|d | ||
| 082 | 0 | 4 | |a 834 |b VOS |2 21 |
| 100 | 0 | |a Vossler, Karl |e author |9 339606 | |
| 245 | 1 | 0 | |a Estampas del mundo románico |
| 300 | |a 148 p | ||
| 942 | |c BK | ||
| 945 | |d 19950703 00:00:00 |a rbrito | ||
| 260 | |a Buenos Aires |b Espasa-Calpe |c 1946 | ||
| 650 | 7 | |a ENSAYOS ALEMANES |2 CL-VaPUC |9 265772 | |
| 583 | |a last modification |c 19950703 00:00:00 |k Rodrigo Vera | ||
| 490 | 0 | |a Colección Austral | |
| 999 | |c 235592 |d 235590 | ||
| 952 | |0 0 |1 0 |4 0 |6 834_000000000000000_VOS_1946 |7 0 |8 A |9 243120 |a BIBEDU |b BIBEDU |d 2019-11-18 |i 3101436 |o 834 VOS 1946 |p 3101436 |r 2019-11-18 |w 2019-11-18 |y BK |k LIT | ||
| 952 | |0 0 |1 0 |4 0 |6 834_000000000000000_VOS_1946 |7 0 |8 A |9 243121 |a BIBEDU |b BIBEDU |d 2019-11-18 |i 1416677 |o 834 VOS 1946 |p 1416677 |r 2019-11-18 |w 2019-11-18 |y BK |k LIT | ||